000 00535nam a2200217Ia 4500
003 0100
008 130303s9999 xx 000 0 und d
020 _a0814619096
040 _cARRUPELIB
050 _aBX1747.N48 1991
100 _aNichols, Aidan
245 4 _aThe shape of catholic theology
260 _aCollegeville
260 _bThe liturgical Press
260 _C1991
300 _a374p.
300 _b 23cm.
650 _bRome (Italy)-pictorial works
650 _cVatican City-Pictorial works
942 _2lcc
_03
999 _c66598
_d66598